000 01250nam2a22002651 4500
001 RU\NLR\INFOCOMM6\5000052496
005 20250617025926.0
035 _a(NLR Aleph) 002401385
090 _a4660734
_c4660734
100 _a20050115d1977 |||y0rusy50 ca
101 0 _arus
102 _aRU
105 _ay ||||000|y
200 1 _aПриборы для оценки качества сырья, полупродуктов и готовых форм в производстве таблеток
_fО.Л. Тютенков, Н.А. Филипин
210 _d1977
_aБ. м.
461 0 _1001RU\NLR\INFOCOMM6\5000052208
_12001#$aХимико-фармацевтическая промышленность$eОбзор. информ.$fМ-во мед. пром., ЦБНТИмедпром.$v1977, Вып.8
_94659649
_cМ.
_d1970-1987
_fМ-во мед. пром., ЦБНТИмедпром.
_oОбзор. информ.
_tХимико-фармацевтическая промышленность
_v1977, Вып.8
700 1 _aТютенков
_bО.Л.
_4070
701 1 _aФилипин
_bН.А.
_4070
801 1 _aRU
_bInfoComm
_c20050117
801 0 _aRU
_bNLR
_gPSBO
852 _aNLR
_jП22/3178
942 _cISSUE
980 _aNB
980 _aRUSPER